Takeovers, restructuring, and corporate governance / (Record no. 3701)

000 -LEADER
fixed length control field 01396cam a2200337 a 4500
001 - CONTROL NUMBER
control field 13104852
003 - CONTROL NUMBER IDENTIFIER
control field Nust
005 - DATE AND TIME OF LATEST TRANSACTION
control field 20170105101223.0
008 - FIXED-LENGTH DATA ELEMENTS--GENERAL INFORMATION
fixed length control field 030226s2004 njua b 001 0 eng
010 ## - LIBRARY OF CONGRESS CONTROL NUMBER
LC control number 2003042988
020 ## - INTERNATIONAL STANDARD BOOK NUMBER
International Standard Book Number 0131407376
040 ## - CATALOGING SOURCE
Original cataloging agency DLC
Transcribing agency DLC
Modifying agency DLC
043 ## - GEOGRAPHIC AREA CODE
Geographic area code n-us---
050 00 - LIBRARY OF CONGRESS CALL NUMBER
Classification number HG4028.M4
Item number W47 2004
082 00 - DEWEY DECIMAL CLASSIFICATION NUMBER
Classification number 338.8/3/0973
Edition number 21
100 1# - MAIN ENTRY--PERSONAL NAME
Personal name Weston, J. Fred
Fuller form of name (John Fred),
Dates associated with a name 1916-
245 10 - TITLE STATEMENT
Title Takeovers, restructuring, and corporate governance /
Statement of responsibility, etc. J. Fred Weston, Mark L. Mitchell, J. Harold Mulherin ; assisted by Juan A. Siu, Brian A. Johnson.
250 ## - EDITION STATEMENT
Edition statement 4th ed.
260 ## - PUBLICATION, DISTRIBUTION, ETC.
Place of publication, distribution, etc. Upper Saddle River, N.J. :
Name of publisher, distributor, etc. Pearson Prentice Hall,
Date of publication, distribution, etc. c2004.
300 ## - PHYSICAL DESCRIPTION
Extent xxxii, 688 p. :
Other physical details ill. ;
Dimensions 24 cm.
440 #0 - SERIES STATEMENT/ADDED ENTRY--TITLE
Title Prentice Hall finance series
504 ## - BIBLIOGRAPHY, ETC. NOTE
Bibliography, etc. note Includes bibliographical references and index.
650 #0 - SUBJECT ADDED ENTRY--TOPICAL TERM
Topical term or geographic name entry element Consolidation and merger of corporations
Geographic subdivision United States
General subdivision Finance.
650 #0 - SUBJECT ADDED ENTRY--TOPICAL TERM
Topical term or geographic name entry element Consolidation and merger of corporations
Geographic subdivision United States
General subdivision Management.
650 #0 - SUBJECT ADDED ENTRY--TOPICAL TERM
Topical term or geographic name entry element Corporate governance
Geographic subdivision United States.
700 1# - ADDED ENTRY--PERSONAL NAME
Personal name Mitchell, Mark,
Dates associated with a name 1960-
700 1# - ADDED ENTRY--PERSONAL NAME
Personal name Mulherin, John Harold,
Dates associated with a name 1958-
906 ## - LOCAL DATA ELEMENT F, LDF (RLIN)
a 7
b cbc
c orignew
d 1
e ocip
f 20
g y-gencatlg
942 ## - ADDED ENTRY ELEMENTS (KOHA)
Source of classification or shelving scheme
Koha item type Book
Holdings
Withdrawn status Lost status Source of classification or shelving scheme Damaged status Not for loan Collection code Permanent Location Current Location Shelving location Date acquired Total Checkouts Full call number Barcode Date last seen Price effective from Koha item type
            Central Library (CL) Central Library (CL) General Stacks 11/24/2016   338.8/3/0973 WES S3H-N-1216 11/24/2016 11/24/2016 Book
© 2023 Central Library, National University of Sciences and Technology. All Rights Reserved.